00860nam a2200157 a 4500008004100000020001500041041000800056100002000064245004200084250001100126260004000137300002200177500008400199505040800283655001100691161215t2009 ag |||g |||| 00| f spa d a9500730969 aspa1 aAllende, Isabel 3aLa isla bajo el mar /cIsabel Allende a1a ed. aBuenos Aires:bSudamericana;c2009. a512 p.c23x15 cm. aAllende, I. (2009). La isla bajo el mar. (1a ed.). Buenos Aires : Sudamericana. aGolpeo el suelo con las plantas de mis pies y la vida me sube por las piernas, me recorre el esqueleto, se apodera de mí, me quita la desazón y me endulza la memoria. El mundo se estremece. El ritmo nace en la isla bajo el mar, sacude la tierra, me atraviesa como un relámpago y se va al cielo llevándose mis pesares. "Baila, baila, Zarité, porque esclavo que baila es libre...mientras baila." aNovela